Quiz shape - Statistiques

Statistiques générales
  • Ce quiz a été pris 83 fois
  • Le résultat moyen est 12 sur 16
Statistiques - réponses
Par images Réponse % Correct
Usa
96%
Brésil
94%
Egypte
94%
Indonésie
92%
Mexique
92%
Vietnam
92%
Turquie
88%
Allemagne
86%
Thaïlande
79%
Iran
69%
Ethiopie
67%
Bangladesh
64%
République démocratique du congo
63%
Pakistan
60%
China
47%
Nigéria
32%
Aucun quiz correspondant
Distribution des résultats
% des personnes avec chaque résultat
Percentile par nombre de réponses
Votre historique - résultats
Vous n’avez pas pris ce quiz